Измерение, контроль и автоматизация в нефтяной и газовой промышленности

Detalles Bibliográficos
Autor Corporativo: Ивано-Франковский институт нефти и газа
Outros autores: Локотош Б. Н. (редактор)
Idioma:ruso
Publicado: Киев, Технiка, 1974
Subjects:
Formato: MixedMaterials Libro
KOHA link:https://koha.lib.tpu.ru/cgi-bin/koha/opac-detail.pl?biblionumber=373691

MARC

LEADER 00000nam0a2200000 4500
001 373691
005 20231102012605.0
035 |a (RuTPU)RU\TPU\retro\31121 
035 |a RU\TPU\book\248768 
090 |a 373691 
100 |a 20221216d1974 k y0rusy50 ca 
101 0 |a rus 
102 |a UA 
105 |a a z 001zy 
200 1 |a Измерение, контроль и автоматизация в нефтяной и газовой промышленности  |f Ивано-Франковский институт нефти и газа ; под ред. Б. Н. Локотоша 
210 |a Киев  |c Технiка  |d 1974 
215 |a 139 с.  |c ил. 
320 |a Библиогр. в конце ст. 
610 1 |a нефтяная промышленность 
610 1 |a газовая промышленность 
610 1 |a автоматизация 
610 1 |a измерение 
610 1 |a контроль 
675 |a 681.2  |v 3 
702 1 |a Локотош  |b Б. Н.  |4 340 
712 0 2 |a Ивано-Франковский институт нефти и газа  |2 stltpush  |3 (RuTPU)RU\TPU\col\18411  |9 27027 
801 1 |a RU  |b 63413507  |c 20121218 
801 2 |a RU  |b 63413507  |c 20221216  |g RCR 
942 |c BK